[Event "Carvalho Memorial op"]
[Site "Juazeiro do Norte"]
[Date "2012.10.14"]
[Round "5"]
[White "Ribeiro, Matheus Cavalcante"]
[Black "Lucena, Jose Silvio"]
[Result "0-1"]
[WhiteElo "2106"]
[BlackElo "2136"]
[PlyCount "52"]
[EventDate "2012.10.12"]
[EventType "swiss"]
[EventRounds "6"]
[EventCountry "BRA"]
[SourceTitle "EXT 2013"]
[Source "ChessBase"]
[SourceDate "2012.11.22"]
[SourceVersion "1"]
[SourceVersionDate "2012.11.22"]
[SourceQuality "1"]

1. d4 f5 2. e4 fxe4 3. Nc3 Nf6 4. Bg5 e6 5. Bxf6 Qxf6 6. Nxe4 Qh6 7. Nf3 Be7 8. Bd3 0-0 9. h4 b6 10. Neg5 g6 11. Qd2 Bd6 12. Ne5 Bb7 13. h5 Nc6 14. Ng4 Qg7 15. hxg6 Qxd4 16. Rxh7 Qxg4 17. g7 Rf4 18. Nh3 Re4+ 19. Kf1 Kxh7 20. Bxe4+ Kxg7 21. f3 Rf8 22. Nf2 Qg3 23. Ke2 Bc5 24. Rf1 Ba6+ 25. Bd3 Bxd3+ 26. cxd3 Qxg2 0-1

[Event "Carvalho Memorial op"]
[Site "Juazeiro do Norte"]
[Date "2012.10.12"]
[Round "1"]
[White "Laroca, Alvaro Ney"]
[Black "Lucena, Jose Silvio"]
[Result "0-1"]
[WhiteElo "1586"]
[BlackElo "2136"]
[PlyCount "52"]
[EventDate "2012.10.12"]
[EventType "swiss"]
[EventRounds "6"]
[EventCountry "BRA"]
[SourceTitle "EXT 2013"]
[Source "ChessBase"]
[SourceDate "2012.11.22"]
[SourceVersion "1"]
[SourceVersionDate "2012.11.22"]
[SourceQuality "1"]

1. e4 e6 2. Nf3 d5 3. exd5 exd5 4. d4 Bd6 5. a3 Ne7 6. Bd3 Bg4 7. Nc3 c6 8. Be3 Nd7 9. h3 Bh5 10. Qe2 Qc7 11. Bg5 0-0-0 12. Bxe7 Bxe7 13. g4 Bg6 14. 0-0 Rhe8 15. Qd2 Bd6 16. Qc1 Nf6 17. b4 Ne4 18. Qb2 h5 19. g5 Qd7 20. Kg2 Bf5 21. Rh1 Bxh3+ 22. Rxh3 Qg4+ 23. Rg3 Bxg3 24. Nh2 Bxh2+ 25. Kxh2 Qh4+ 26. Kg2 Qxf2+ 0-1

[Event "Fortaleza Brazil op 2nd"]
[Site "Fortaleza"]
[Date "2012.04.08"]
[Round "6"]
[White "Lucena, Jose Silvio"]
[Black "De Brito Buarque, Hugo Leonardo"]
[Result "1/2-1/2"]
[WhiteElo "2145"]
[BlackElo "1928"]
[PlyCount "90"]
[EventDate "2012.04.05"]
[EventType "swiss"]
[EventRounds "7"]
[EventCountry "BRA"]
[SourceTitle "CBM 147 Extra"]
[Source "ChessBase"]
[SourceDate "2012.04.24"]
[SourceVersion "1"]
[SourceVersionDate "2012.04.24"]
[SourceQuality "1"]

1. Nf3 c5 2. g3 d5 3. c4 e6 4. Bg2 Nc6 5. 0-0 Nf6 6. cxd5 exd5 7. d4 cxd4 8. Nxd4 Be7 9. Nc3 0-0 10. h3 Bb4 11. Bg5 Bxc3 12. bxc3 Nxd4 13. Qxd4 Be6 14. Rfd1 Qe7 15. Rab1 Rfd8 16. Qe3 Qc7 17. Rb4 Rd7 18. Bxf6 gxf6 19. Qh6 Qxc3 20. Rdd4 f5 21. Qf6 Rc8 22. Kh2 Rdc7 23. Rb3 Qc5 24. g4 Qe7 25. Qxe7 Rxe7 26. gxf5 Bxf5 27. Rxd5 Be6 28. Rg5+ Kf8 29. Rxb7 Rxb7 30. Bxb7 Rc2 31. a4 Rxe2 32. Kg3 Rb2 33. Bd5 Rb6 34. Bxe6 Rxe6 35. Ra5 a6 36. Kf4 Kg7 37. f3 Kf6 38. Rh5 Kg6 39. Rc5 h6 40. a5 Kf6 41. Rc7 Re1 42. Rb7 Re6 43. h4 Rc6 44. Rb6 Re6 45. Kg4 Ke5 1/2-1/2

[Event "Fortaleza Brazil op 2nd"]
[Site "Fortaleza"]
[Date "2012.04.07"]
[Round "5"]
[White "Mekhitarian, Krikor Sevag"]
[Black "Lucena, Jose Silvio"]
[Result "1-0"]
[WhiteElo "2512"]
[BlackElo "2145"]
[PlyCount "109"]
[EventDate "2012.04.05"]
[EventType "swiss"]
[EventRounds "7"]
[EventCountry "BRA"]
[SourceTitle "CBM 147 Extra"]
[Source "ChessBase"]
[SourceDate "2012.04.24"]
[SourceVersion "1"]
[SourceVersionDate "2012.04.24"]
[SourceQuality "1"]

1. d4 Nf6 2. c4 c5 3. d5 b5 4. cxb5 a6 5. e3 Bb7 6. Nc3 e6 7. dxe6 fxe6 8. bxa6 Nxa6 9. Nf3 d5 10. Bb5+ Ke7 11. 0-0 Nc7 12. Be2 Ke8 13. b3 Bd6 14. Bb2 Rf8 15. Qc2 Qe7 16. Nb5 Nxb5 17. Bxb5+ Kf7 18. Ne5+ Kg8 19. Bd3 Rac8 20. Qe2 Rc7 21. f4 g6 22. Rac1 Rfc8 23. Qe1 c4 24. bxc4 Ba3 25. Bxa3 Qxa3 26. Qc3 Qxa2 27. Rf2 Qa7 28. Qd4 Qxd4 29. exd4 dxc4 30. Rxc4 Bd5 31. Rxc7 Rxc7 32. Rc2 Ra7 33. Kf2 Ne4+ 34. Bxe4 Bxe4 35. Rd2 Bd5 36. Ng4 Kg7 37. Rc2 Ra2 38. Rxa2 Bxa2 39. Ne5 Kf6 40. g4 g5 41. fxg5+ Kxg5 42. Kg3 Bb1 43. h4+ Kf6 44. Kf4 h6 45. Nd7+ Ke7 46. Ne5 Kf6 47. Nf3 Ba2 48. Nd2 Bd5 49. Ne4+ Kg6 50. Ke5 Kf7 51. Nd2 Kg6 52. Nf1 Kf7 53. Ng3 Bf3 54. Kf4 Bd5 55. Nf1 1-0

[Event "Fortaleza Brazil op 2nd"]
[Site "Fortaleza"]
[Date "2012.04.06"]
[Round "3"]
[White "Martins, Vinicius Tine"]
[Black "Lucena, Jose Silvio"]
[Result "1-0"]
[WhiteElo "2329"]
[BlackElo "2145"]
[PlyCount "55"]
[EventDate "2012.04.05"]
[EventType "swiss"]
[EventRounds "7"]
[EventCountry "BRA"]
[SourceTitle "CBM 147 Extra"]
[Source "ChessBase"]
[SourceDate "2012.04.24"]
[SourceVersion "1"]
[SourceVersionDate "2012.04.24"]
[SourceQuality "1"]

1. Nf3 Nf6 2. c4 g6 3. Nc3 Bg7 4. e4 0-0 5. d4 c5 6. Be2 cxd4 7. Nxd4 Nc6 8. Be3 d6 9. 0-0 Bd7 10. Qd2 Nxd4 11. Bxd4 Bc6 12. f3 Qa5 13. Rac1 Rfc8 14. Rfd1 a6 15. Kh1 Qd8 16. b4 b6 17. Bf1 Nd7 18. Be3 a5 19. a3 axb4 20. axb4 Rcb8 21. Qf2 Bf8 22. Qh4 Ra3 23. Bg5 Qe8 24. Nd5 f6 25. Bd2 Qf7 26. Nc3 Kh8 27. Qf2 Bg7 28. Ne2 1-0

[Event "Fortaleza op 26th"]
[Site "Fortaleza"]
[Date "2011.11.23"]
[Round "5"]
[White "Amorim, Daniel Madson De Me"]
[Black "Lucena, Jose Silvio"]
[Result "1-0"]
[WhiteElo "2168"]
[BlackElo "2148"]
[PlyCount "59"]
[EventDate "2011.11.19"]
[EventType "swiss"]
[EventRounds "7"]
[EventCountry "BRA"]
[SourceTitle "CBM 145 Extra"]
[Source "ChessBase"]
[SourceDate "2012.01.03"]
[SourceVersion "1"]
[SourceVersionDate "2012.01.03"]
[SourceQuality "1"]

1. d4 Nf6 2. Nf3 g6 3. Bg5 Bg7 4. Nbd2 c5 5. Bxf6 Bxf6 6. Ne4 Qb6 7. Nxf6+ Qxf6 8. e3 b6 9. c3 Bb7 10. Be2 d6 11. Qa4+ Kf8 12. dxc5 bxc5 13. h4 h6 14. Rh3 Kg7 15. Rd1 Rd8 16. Bb5 a6 17. Bc4 Bc6 18. Qa5 Nd7 19. Bd5 Bxd5 20. Rxd5 Rdb8 21. Rd2 Rb5 22. Qa4 Rab8 23. c4 Nb6 24. Qc2 Rb4 25. b3 a5 26. g4 Kf8 27. g5 hxg5 28. hxg5 Qg7 29. a3 Qa1+ 30. Rd1 1-0

[Event "Capablanca Memorial op 25th"]
[Site "Fortaleza"]
[Date "2010.11.23"]
[Round "5.2"]
[White "Amorim, Marcio Felipe De Me"]
[Black "Lucena, Jose Silvio"]
[Result "0-1"]
[WhiteElo "2109"]
[BlackElo "2140"]
[PlyCount "84"]
[EventDate "2010.11.19"]
[EventType "swiss"]
[EventRounds "7"]
[EventCountry "BRA"]
[SourceTitle "EXT 2022"]
[Source "ChessBase"]
[SourceDate "2021.10.06"]
[SourceVersion "1"]
[SourceVersionDate "2021.10.06"]
[SourceQuality "1"]

1. d4 Nf6 2. c4 e6 3. Nc3 c5 4. d5 exd5 5. cxd5 d6 6. e4 g6 7. Bg5 Bg7 8. Nf3 0-0 9. Bd3 a6 10. a4 Bg4 11. 0-0 Nbd7 12. h3 Bxf3 13. Qxf3 Qc7 14. a5 Ne5 15. Qe2 Nxd3 16. Qxd3 Nd7 17. f4 b5 18. axb6 Qxb6 19. Qc2 Rfb8 20. Ra2 c4+ 21. Kh1 Nc5 22. Qe2 Nd3 23. e5 dxe5 24. fxe5 Nxe5 25. Bf4 Qd4 26. Be3 Qh4 27. Rf4 Qd8 28. Bd4 Nd3 29. Bxg7 Nxf4 30. Qe5 Nh5 31. Bh6 Qf6 32. Qe3 Re8 33. Qf3 Re1+ 34. Kh2 Qd4 35. Ne2 Qe5+ 36. Nf4 Re3 37. Qg4 f5 38. Qh4 Re4 39. g3 Nxf4 40. gxf4 Re2+ 41. Kg1 Qe3+ 42. Kf1 Qf3+ 0-1

[Event "Capablanca Memorial op 25th"]
[Site "Fortaleza"]
[Date "2010.11.20"]
[Round "2.3"]
[White "Lucena, Jose Silvio"]
[Black "Segal, Alexandru Sorin"]
[Result "1/2-1/2"]
[WhiteElo "2140"]
[BlackElo "2214"]
[PlyCount "58"]
[EventDate "2010.11.19"]
[EventType "swiss"]
[EventRounds "7"]
[EventCountry "BRA"]
[SourceTitle "EXT 2022"]
[Source "ChessBase"]
[SourceDate "2021.10.06"]
[SourceVersion "1"]
[SourceVersionDate "2021.10.06"]
[SourceQuality "1"]

1. Nf3 Nf6 2. g3 d5 3. Bg2 c6 4. b3 g6 5. Bb2 Bg7 6. 0-0 0-0 7. c4 Na6 8. cxd5 cxd5 9. a3 Nc5 10. b4 Nce4 11. d3 Nd6 12. a4 e6 13. Nbd2 Bd7 14. Qb3 Nfe8 15. Ne5 f6 16. Nxd7 Qxd7 17. e4 dxe4 18. Nxe4 Nxe4 19. dxe4 Qf7 20. Rfd1 Nc7 21. Rac1 Rad8 22. Qc4 Rxd1+ 23. Rxd1 Qe7 24. Rc1 Rf7 25. Bd4 b6 26. b5 Bf8 27. Bh3 e5 28. Be3 Kg7 29. Rc2 Qd6 1/2-1/2

[Event "Capablanca Memorial op 25th"]
[Site "Fortaleza"]
[Date "2010.11.19"]
[Round "1.7"]
[White "Santos, Inacio Eduardo Andr"]
[Black "Lucena, Jose Silvio"]
[Result "0-1"]
[WhiteElo "1869"]
[BlackElo "2140"]
[PlyCount "76"]
[EventDate "2010.11.19"]
[EventType "swiss"]
[EventRounds "7"]
[EventCountry "BRA"]
[SourceTitle "EXT 2022"]
[Source "ChessBase"]
[SourceDate "2021.10.06"]
[SourceVersion "1"]
[SourceVersionDate "2021.10.06"]
[SourceQuality "1"]

1. e4 c6 2. d4 d5 3. exd5 cxd5 4. Nf3 Nc6 5. Be2 Bf5 6. c3 Nf6 7. 0-0 e6 8. Bf4 Bd6 9. Bg3 Qc7 10. Na3 a6 11. Rc1 b5 12. Nc2 0-0 13. Ne3 Bg6 14. Nh4 Ne4 15. Bxd6 Qxd6 16. f3 Qf4 17. Ng4 Nd6 18. Nxg6 hxg6 19. Bd3 Nf5 20. Qe2 Rfc8 21. Rce1 Rc7 22. g3 Qd6 23. f4 b4 24. Ne5 bxc3 25. bxc3 Nxe5 26. fxe5 Qa3 27. g4 Nh6 28. c4 dxc4 29. Bxc4 Qc3 30. Qe4 Rd8 31. Bxa6 Rxd4 32. Qa8+ Kh7 33. Be2 Nxg4 34. Bxg4 Rxg4+ 35. Kh1 Qb2 36. Re3 Rh4 37. Qg2 Rc2 38. Re4 Rxh2+ 0-1

[Event "Teresina Taca"]
[Site "Teresina"]
[Date "2010.08.15"]
[Round "4"]
[White "Da Paixao, Irineu Vieira"]
[Black "Lucena, Jose Silvio"]
[Result "0-1"]
[WhiteElo "1670"]
[BlackElo "2138"]
[PlyCount "46"]
[EventDate "2010.08.14"]
[EventType "swiss"]
[EventRounds "6"]
[EventCountry "BRA"]
[SourceTitle "EXT 2022"]
[Source "ChessBase"]
[SourceDate "2021.10.06"]
[SourceVersion "1"]
[SourceVersionDate "2021.10.06"]
[SourceQuality "1"]

1. d4 Nf6 2. Nf3 g6 3. e3 Bg7 4. Bd3 d6 5. 0-0 0-0 6. Nbd2 Nc6 7. a3 e5 8. c3 Qe7 9. Qc2 Bg4 10. Ne1 Rae8 11. f3 Bc8 12. b4 Nd5 13. Nb3 exd4 14. exd4 Ne3 15. Bxe3 Qxe3+ 16. Qf2 Qxf2+ 17. Rxf2 Ne7 18. Re2 Nd5 19. Rc1 Bh6 20. Rcc2 Nf4 21. Rxe8 Rxe8 22. Kf1 Nxd3 23. Nxd3 Bf5 0-1

[Event "Teresina Taca"]
[Site "Teresina"]
[Date "2010.08.15"]
[Round "3"]
[White "Lucena, Jose Silvio"]
[Black "Nunes, Fabio Victor Barbos"]
[Result "1-0"]
[WhiteElo "2138"]
[BlackElo "2118"]
[PlyCount "101"]
[EventDate "2010.08.14"]
[EventType "swiss"]
[EventRounds "6"]
[EventCountry "BRA"]
[SourceTitle "EXT 2022"]
[Source "ChessBase"]
[SourceDate "2021.10.06"]
[SourceVersion "1"]
[SourceVersionDate "2021.10.06"]
[SourceQuality "1"]

1. Nf3 Nf6 2. d4 g6 3. g3 Bg7 4. Bg2 0-0 5. 0-0 d5 6. c4 dxc4 7. Na3 Bf5 8. Nxc4 Nc6 9. b3 Qc8 10. Nfe5 Nxe5 11. Nxe5 c5 12. Bb2 cxd4 13. Bxd4 Rd8 14. e3 Ng4 15. Nxg4 Bxg4 16. Bxb7 Qxb7 17. Qxg4 Qb4 18. Rfc1 Bxd4 19. Rc4 Qd2 20. Rxd4 Rxd4 21. Qxd4 Qxd4 22. exd4 Rd8 23. Rc1 a5 24. Rc4 Kg7 25. Kf1 Kf6 26. Ke2 Rd5 27. f4 Rh5 28. h4 Ke6 29. Kd3 Kd6 30. Rc8 Rb5 31. Kc4 Rb4+ 32. Kc3 Rb5 33. a4 Rb7 34. Rc5 Ra7 35. Kc4 h5 36. f5 e6 37. fxg6 fxg6 38. Rg5 Rc7+ 39. Kd3 Rc1 40. Rxa5 Rg1 41. Rg5 Rd1+ 42. Kc3 Rc1+ 43. Kb4 Rd1 44. Kc4 Rc1+ 45. Kb5 Rd1 46. a5 Rxd4 47. a6 Rd3 48. b4 Ra3 49. Kb6 e5 50. a7 e4 51. Kb7 1-0

[Event "Teresina Taca"]
[Site "Teresina"]
[Date "2010.08.14"]
[Round "1"]
[White "Lucena, Jose Silvio"]
[Black "De Araujo, Sergio C Mendes"]
[Result "0-1"]
[WhiteElo "2138"]
[BlackElo "2118"]
[PlyCount "70"]
[EventDate "2010.08.14"]
[EventType "swiss"]
[EventRounds "6"]
[EventCountry "BRA"]
[SourceTitle "EXT 2022"]
[Source "ChessBase"]
[SourceDate "2021.10.06"]
[SourceVersion "1"]
[SourceVersionDate "2021.10.06"]
[SourceQuality "1"]

1. Nf3 d6 2. d4 c6 3. g3 Nf6 4. Bg2 Qc7 5. c4 e5 6. Nc3 Be7 7. 0-0 0-0 8. h3 Nbd7 9. e4 Re8 10. Be3 Nf8 11. Qc2 Be6 12. b3 Rad8 13. Rfc1 Rc8 14. Qe2 Qb8 15. a3 Ng6 16. b4 Rcd8 17. Kh2 d5 18. exd5 cxd5 19. dxe5 Nxe5 20. Nxe5 Qxe5 21. Bxa7 Qf5 22. cxd5 Nxd5 23. Nxd5 Bxd5 24. Bxd5 Rxd5 25. Re1 Rdd8 26. Be3 Bf6 27. Qg4 Bxa1 28. Rxa1 Qe5 29. Re1 Qe4 30. Qg5 h6 31. Qb5 Qf3 32. Qb6 Rd3 33. Rg1 Rxa3 34. g4 Rexe3 35. fxe3 Rxe3 0-1

[Event "Capablanca Memorial op 24th"]
[Site "Fortaleza"]
[Date "2009.11.22"]
[Round "4"]
[White "Costa, Fernando de Souza"]
[Black "Lucena, Jose Silvio"]
[Result "0-1"]
[WhiteElo "1967"]
[BlackElo "2151"]
[PlyCount "114"]
[EventDate "2009.11.19"]
[EventType "swiss"]
[EventRounds "7"]
[EventCountry "BRA"]
[SourceTitle "EXT 2022"]
[Source "ChessBase"]
[SourceDate "2021.10.06"]
[SourceVersion "1"]
[SourceVersionDate "2021.10.06"]
[SourceQuality "1"]

1. d4 Nf6 2. Bg5 Ne4 3. Bh4 c5 4. f3 g5 5. fxe4 gxh4 6. d5 Qb6 7. Qc1 Bh6 8. e3 Qb4+ 9. Nc3 Bg7 10. Nge2 d6 11. h3 Nd7 12. a3 Qa5 13. Qd2 Be5 14. Nf4 a6 15. Be2 Rg8 16. Bf3 Nf6 17. Nd1 Qxd2+ 18. Kxd2 Bd7 19. Rb1 b5 20. Nf2 c4 21. c3 Kd8 22. Rbg1 Rg5 23. Ne2 Kc7 24. Ng4 Rag8 25. Nxf6 Bxf6 26. Rf1 Be5 27. Nf4 Kb6 28. Rf2 a5 29. Rb1 Rc8 30. Ne2 f5 31. Nd4 f4 32. exf4 Bxf4+ 33. Ke2 Be5 34. Nc2 Kc5 35. Ke3 Rg3 36. Nd4 Bxd4+ 37. cxd4+ Kb6 38. Rc1 b4 39. Rfc2 Bb5 40. Kf2 Rc7 41. e5 Rg5 42. Re1 Ba4 43. Rcc1 bxa3 44. bxa3 c3 45. exd6 exd6 46. Re6 Rg6 47. Be4 Rxe6 48. dxe6 c2 49. Ke3 Rc3+ 50. Kd2 Rg3 51. Bf3 Rg7 52. Rf1 Bb3 53. Re1 Re7 54. d5 a4 55. Rc1 Kc5 56. Re1 Bxd5 57. Re3 Bxf3 0-1

[Event "Capablanca Memorial op 24th"]
[Site "Fortaleza"]
[Date "2009.11.20"]
[Round "2"]
[White "Pinheiro, Iung Alicio"]
[Black "Lucena, Jose Silvio"]
[Result "1/2-1/2"]
[WhiteElo "2256"]
[BlackElo "2151"]
[PlyCount "33"]
[EventDate "2009.11.19"]
[EventType "swiss"]
[EventRounds "7"]
[EventCountry "BRA"]
[SourceTitle "EXT 2022"]
[Source "ChessBase"]
[SourceDate "2021.10.06"]
[SourceVersion "1"]
[SourceVersionDate "2021.10.06"]
[SourceQuality "1"]

1. d4 Nf6 2. c4 e6 3. Nf3 b6 4. a3 Bb7 5. Nc3 d5 6. cxd5 exd5 7. g3 Be7 8. Bg2 0-0 9. 0-0 Nbd7 10. Ne5 c5 11. Nc4 cxd4 12. Qxd4 Nc5 13. Nd2 Rb8 14. b4 Ne6 15. Qd3 d4 16. Nce4 Nd5 17. Nb3 1/2-1/2

[Event "Quixada Sertao 6th op"]
[Site "Quixada"]
[Date "2008.07.19"]
[Round "4.4"]
[White "Lucena, Jose Silvio"]
[Black "Barreto Filho, Carlos Alberto"]
[Result "0-1"]
[WhiteElo "2166"]
[BlackElo "2252"]
[PlyCount "84"]
[EventDate "2008.07.17"]
[EventType "swiss"]
[EventRounds "7"]
[EventCountry "BRA"]
[SourceTitle "EXT 2022"]
[Source "ChessBase"]
[SourceDate "2021.10.06"]
[SourceVersion "1"]
[SourceVersionDate "2021.10.06"]
[SourceQuality "1"]

1. Nf3 c5 2. e4 g6 3. d4 cxd4 4. Nxd4 Nc6 5. c4 Nf6 6. Nc3 d6 7. Be2 Nxd4 8. Qxd4 Bg7 9. Be3 0-0 10. Qd2 a5 11. 0-0 a4 12. f3 Qa5 13. Rac1 Be6 14. Rfd1 Rfc8 15. Nb5 Qxd2 16. Rxd2 Nd7 17. Nd4 Nc5 18. Nxe6 Nxe6 19. Rb1 a3 20. b3 Bc3 21. Rd5 Bb4 22. Kf2 Bc5 23. g3 Nc7 24. Rd2 Na6 25. Bxc5 dxc5 26. Rbd1 Nb4 27. Bd3 Nc6 28. f4 Rd8 29. e5 Rd4 30. Ke3 Rad8 31. Be4 Rxd2 32. Rxd2 Rxd2 33. Kxd2 Nb4 34. Bh1 Kf8 35. Ke3 Ke8 36. g4 Kd7 37. h4 Ke6 38. Ke4 f5+ 39. Kf3 Nc6 40. g5 Nd4+ 41. Ke3 Kd7 42. Kd2 Kc7 0-1

[Event "Luiz Rego Memorial"]
[Site "Teresina"]
[Date "2005.08.??"]
[Round "3"]
[White "Lucena, Jose Silvio"]
[Black "Segal, Alexandru Sorin"]
[Result "0-1"]
[WhiteElo "2178"]
[BlackElo "2310"]
[PlyCount "77"]
[EventDate "2005.08.18"]
[EventType "swiss"]
[EventRounds "6"]
[EventCountry "BRA"]
[SourceTitle "EXT 2022"]
[Source "ChessBase"]
[SourceDate "2021.10.06"]
[SourceVersion "1"]
[SourceVersionDate "2021.10.06"]
[SourceQuality "1"]

1. Nf3 Nf6 2. d4 c5 3. c4 cxd4 4. Nxd4 a6 5. Nc3 d5 6. cxd5 Nxd5 7. Nc2 Nxc3 8. Qxd8+ Kxd8 9. bxc3 e5 10. e4 Be6 11. Be3 Nd7 12. Be2 Rc8 13. 0-0 Rxc3 14. Rfc1 Rc7 15. Bd2 Bc5 16. Ne3 Ke7 17. Ba5 b6 18. Bd2 Nb8 19. Nd5+ Bxd5 20. exd5 Rhc8 21. Bg4 Rd8 22. Bf3 Rdc8 23. Bg4 Nd7 24. a4 Kd6 25. Kf1 g6 26. f4 f5 27. Be2 Bd4 28. fxe5+ Bxe5 29. Bb4+ Kxd5 30. Rxc7 Rxc7 31. Rd1+ Ke6 32. Bxa6 Bxh2 33. Bb5 Nf6 34. Rd4 Nd5 35. Bd2 Be5 36. Rd3 Rc5 37. Ke1 Bc3 38. Kd1 Bxd2 39. Kxd2 0-1